000
00346nam a2200145Ia 4500
008
210716s1967 xx 000 0 und d
041
_a
eng
082
_a
150 HONJ
100
_a
Honigmann, John J.
245
_a
Personality in culture.
250
_a
1
260
_a
New York
_b
Harper and Row
_c
1967
300
_a
xii,495
650
_a
Psychology
999
_c
200578
_d
200578